000 00662nam a2200229Ia 4500
003 OSt
005 20250425112534.0
008 220927b |||||||| |||| 00| 0 eng d
020 _a9780387354187
037 _cTextual
040 _aSDCL
_cSDCL
_beng
041 _2eng
_aeng
084 _aB313N P7
100 _aMartinez-Avendano, Ruben A.
_9451914
245 0 _aIntroduction to operators on the hardy-hilbert space
260 _aNew York :
_bSpringer,
_c2007.
300 _axii;220p.
650 _aMathematics
700 _aRosenthal, Peter
_9752973
942 _cTEXL
_2CC
_n0
999 _c765911
_d765911